Orphan train : (Record no. 590785)

000 -LEADER
fixed length control field 01104cam a2200313 a 4500
001 - CONTROL NUMBER
control field 17400807
003 - CONTROL NUMBER IDENTIFIER
control field NUST
005 - DATE AND TIME OF LATEST TRANSACTION
control field 20220806144259.0
008 - FIXED-LENGTH DATA ELEMENTS--GENERAL INFORMATION
fixed length control field 120725s2013 nyua 000 f eng
010 ## - LIBRARY OF CONGRESS CONTROL NUMBER
LC control number 2012027409
020 ## - INTERNATIONAL STANDARD BOOK NUMBER
International Standard Book Number 9780061950728 (pbk.)
020 ## - INTERNATIONAL STANDARD BOOK NUMBER
International Standard Book Number 9780062101204 (ebook)
038 ## - RECORD CONTENT LICENSOR
Staff Name Azhar
040 ## - CATALOGING SOURCE
Original cataloging agency DLC
Transcribing agency DLC
Modifying agency DLC
042 ## - AUTHENTICATION CODE
Authentication code pcc
050 00 - LIBRARY OF CONGRESS CALL NUMBER
Classification number PS3561.L478
Item number O77 2013
082 00 - DEWEY DECIMAL CLASSIFICATION NUMBER
Classification number 813.54
Edition number 23
Author Mark KLI
100 1# - MAIN ENTRY--PERSONAL NAME
Personal name Kline, Christina Baker,
Dates associated with a name 1964-
9 (RLIN) 96557
245 10 - TITLE STATEMENT
Title Orphan train :
Remainder of title a novel
Statement of responsibility, etc. Christina Baker Kline.
250 ## - EDITION STATEMENT
Edition statement 1st ed.
260 ## - PUBLICATION, DISTRIBUTION, ETC.
Place of publication, distribution, etc. New York :
Name of publisher, distributor, etc. William Morrow,
Date of publication, distribution, etc. c2013.
300 ## - PHYSICAL DESCRIPTION
Extent 278 p. :
Other physical details ill. ;
Dimensions 21 cm.
650 #0 - SUBJECT ADDED ENTRY--TOPICAL TERM
Topical term or geographic name entry element Women
Form subdivision Fiction.
9 (RLIN) 95410
650 #0 - SUBJECT ADDED ENTRY--TOPICAL TERM
Topical term or geographic name entry element Orphan trains
Form subdivision Fiction.
9 (RLIN) 96558
650 #0 - SUBJECT ADDED ENTRY--TOPICAL TERM
Topical term or geographic name entry element Female friendship
Form subdivision Fiction.
906 ## - LOCAL DATA ELEMENT F, LDF (RLIN)
a 7
b cbc
c orignew
d 1
e ecip
f 20
g y-gencatlg
942 ## - ADDED ENTRY ELEMENTS (KOHA)
Source of classification or shelving scheme
Koha item type Lincoln Corner
Holdings
Withdrawn status Lost status Source of classification or shelving scheme Damaged status Not for loan Permanent Location Current Location Shelving location Date acquired Full call number Barcode Date last seen Price effective from Koha item type
          Central Library (CL) Central Library (CL) Lincoln Corner 08/06/2022 813.54 KLI LC-310 08/06/2022 08/06/2022 Reference
© 2023 Central Library, National University of Sciences and Technology. All Rights Reserved.